Domestic violence and mandatory arrest : influences on police officer actions /

Bibliographic Details
Main Author: Waldron, John F. (John Francis), 1954-
Format: Book
Language:English
Published: El Paso : LFB Scholarly Pub., 2012.
Series:Criminal justice (LFB Scholarly Publishing LLC)
Subjects:

MARC

Tag First Indicator Second Indicator Subfields
LEADER 00000cam a2200000 a 4500
001 in00002786418
005 20151202171630.0
008 120823s2012 txu b 001 0 eng
010 |a  2012032251 
020 |a 9781593325817 (hardcover : alk. paper) 
020 |a 1593325819 (hardcover : alk. paper) 
035 |a (OCoLC)ocn806014159 
035 |a (OCoLC)806014159 
040 |a DLC  |b eng  |c DLC  |d YDX  |d BTCTA  |d OCLCO  |d YDXCP  |d OCLCO  |d BWX  |d UtOrBLW 
042 |a pcc 
043 |a n-us-nj 
049 |a TXAM 
050 0 0 |a HV6626.22.N5  |b W35 2012 
082 0 0 |a 364.15/5509749  |2 23 
100 1 |a Waldron, John F.  |q (John Francis),  |d 1954- 
245 1 0 |a Domestic violence and mandatory arrest :  |b influences on police officer actions /  |c John F. Waldron. 
264 1 |a El Paso :  |b LFB Scholarly Pub.,  |c 2012. 
300 |a x, 254 pages ;  |c 23 cm. 
336 |a text  |b txt  |2 rdacontent 
337 |a unmediated  |b n  |2 rdamedia 
338 |a volume  |b nc  |2 rdacarrier 
490 1 |a Criminal justice: recent scholarship 
504 |a Includes bibliographical references and index. 
650 0 |a Family violence  |z New Jersey. 
650 0 |a Family violence  |x Law and legislation  |z New Jersey. 
650 0 |a Police  |z New Jersey. 
650 0 |a Arrest  |z New Jersey. 
830 0 |a Criminal justice (LFB Scholarly Publishing LLC) 
938 |a Baker and Taylor  |b BTCP  |n BK0011917057 
938 |a YBP Library Services  |b YANK  |n 9520922 
938 |a Blackwell Book Service  |b BBUS  |n 9520922 
947 |a A14836011670 
945 |a PromptCat  |b 115743 
946 |a stk 
994 |a 92  |b TXA 
948 |a Cataloged  |b h  |c 2012/12/6  |d c  |e EGrant 
999 |a MARS 
999 f f |s 2b72a711-fec4-31c5-8e75-01e8ffdfe4db  |i 98898491-503f-3d02-8dc0-320a4469bcb8  |t 0 
952 f f |p normal  |a Texas A&M University  |b College Station  |c Sterling C. Evans Library  |d Evans: Library Stacks  |t 0  |e HV6626.22.N5 W35 2012  |h Library of Congress classification  |i unmediated -- volume  |m A14836011670 
998 f f |a HV6626.22.N5 W35 2012  |t 0  |l Evans: Library Stacks